| 000 | 00488nam a2200193 a 4500 | ||
|---|---|---|---|
| 001 | 1770805515266 | ||
| 003 | YourLibrary | ||
| 005 | 20260211155849.0 | ||
| 008 | 260211s2009##################000#0#eng## | ||
| 020 | _a9789380252186 | ||
| 082 | 0 | 4 |
_a333.7071 _bARU |
| 100 | 1 |
_aJothi, Arul, _eauthor. |
|
| 245 | 1 | 0 | _aEnvironmental Education : |
| 260 | _c2009. | ||
| 300 | _a280 pages | ||
| 650 | 0 | _aEnvironmental education. | |
| 942 | _cENGLISH | ||
| 040 |
_aYourLibrary _beng _cYourLibrary |
||
| 999 |
_c611782 _d611782 |
||